000 00523nam a2200181 i 4500
001 103798
003 ES-MaACL
005 20230906183440.0
007 t|
008 051118s1972 sp ||||1| spa d
100 1 _aMerton, Thomas.
_980619
245 1 3 _aEl zen y los pájaros del deseo /
_cThomas Merton; [traducción Rolando Hanglin].
250 _a[1ª ed.].
260 _aBarcelona :
_bKaizos,
_c1972.
300 _a178 p. ;
_c20 cm.
700 1 _aHanglin, Rolando.
_961726
852 _aES-MaACL
_jC-49452
_bR.84124
999 _c103798
_d103798